[Event "Titled Tuesday intern op 25th Oct Early"]
[Site "Chess.com INT"]
[Date "2022.10.25"]
[Round "1"]
[White "Korelskiy, Egor"]
[Black "Bryan, Jarod J"]
[Result "1-0"]
[WhiteElo "2153"]
[BlackElo "2167"]
[PlyCount "85"]
[EventDate "2022.10.25"]
[EventType "swiss (blitz)"]
[EventRounds "11"]
[EventCountry "USA"]
[SourceTitle "EXT 2024"]
[Source "ChessBase"]
[SourceDate "2023.10.10"]
[SourceVersion "1"]
[SourceVersionDate "2023.10.10"]
[SourceQuality "1"]

1. e4 Nc6 2. Nf3 d6 3. d4 Nf6 4. Nc3 g6 5. h3 a6 6. Be3 b5 7. d5 Na5 8. Bd4 Bg7 9. Qd2 c5 10. dxc6 Nxc6 11. Bxf6 Bxf6 12. Rb1 0-0 13. Nd5 Bg7 14. Be2 e6 15. Ne3 Qc7 16. 0-0 f5 17. exf5 gxf5 18. c3 Bd7 19. Rfd1 d5 20. Nxd5 exd5 21. Qxd5+ Rf7 22. Ng5 Be8 23. Bh5 Ra7 24. Nxf7 Bxf7 25. Bxf7+ Qxf7 26. Qxc6 Qxa2 27. Rd8+ Bf8 28. Re1 Rf7 29. Ra8 Qxb2 30. Rxa6 b4 31. cxb4 Qxb4 32. Qe6 Qb8 33. Ra5 Qd6 34. Qxd6 Bxd6 35. Rd5 Bf4 36. g3 Bh6 37. f4 Bf8 38. Ree5 Kg7 39. Rxf5 Rc7 40. Rg5+ Kf7 41. Rgf5+ Kg7 42. h4 Bc5+ 43. Rxc5 1-0

[Event "Titled Tuesday intern op 23rd Nov"]
[Site "Chess.com INT"]
[Date "2021.11.23"]
[Round "1"]
[White "Bryan, Jarod J"]
[Black "Shevchenko, Kirill"]
[Result "0-1"]
[WhiteElo "2167"]
[BlackElo "2647"]
[PlyCount "88"]
[EventDate "2021.11.23"]
[EventType "swiss (blitz)"]
[EventRounds "11"]
[EventCountry "USA"]
[SourceTitle "CBM 205 Extra"]
[Source "ChessBase"]
[SourceDate "2022.01.31"]
[SourceVersion "1"]
[SourceVersionDate "2022.01.31"]
[SourceQuality "1"]

1. e4 e5 2. Nf3 d6 3. Bc4 Nf6 4. Nc3 Be7 5. d4 exd4 6. Nxd4 0-0 7. 0-0 Re8 8. a4 Nc6 9. f3 Bf8 10. Be3 Nxd4 11. Bxd4 Be6 12. Qd3 Nd7 13. f4 c6 14. Bxe6 Rxe6 15. Rad1 Qa5 16. Kh1 Rae8 17. Bg1 Nc5 18. Bxc5 Qxc5 19. Qd4 Qxd4 20. Rxd4 g6 21. Rb4 b6 22. Rc4 c5 23. g3 Bg7 24. Kg2 Bxc3 25. Rxc3 Rxe4 26. Rd3 R8e6 27. Rf2 Rxa4 28. Rfd2 Ra2 29. b3 b5 30. Kf2 a5 31. g4 a4 32. bxa4 Rxa4 33. Kf3 Ree4 34. f5 Rf4+ 35. Ke2 Rae4+ 36. Re3 Rxe3+ 37. Kxe3 Rxg4 38. Rxd6 gxf5 39. Rd5 Rc4 40. Kd3 f4 41. c3 Kg7 42. h4 Kf6 43. Rh5 f3 44. Rxh7 Rf4 0-1

[Event "Titled Tuesday intern op 24th Aug"]
[Site "Chess.com INT"]
[Date "2021.08.24"]
[Round "1"]
[White "Bryan, Jarod J"]
[Black "Wagner, Dennis"]
[Result "0-1"]
[WhiteElo "2167"]
[BlackElo "2572"]
[PlyCount "56"]
[EventDate "2021.08.24"]
[EventType "swiss (blitz)"]
[EventRounds "11"]
[EventCountry "USA"]
[SourceTitle "EXT 2022"]
[Source "ChessBase"]
[SourceDate "2021.10.06"]
[SourceVersion "1"]
[SourceVersionDate "2021.10.06"]
[SourceQuality "1"]

1. e4 c5 2. Nf3 d6 3. c3 Nf6 4. h3 g6 5. Bd3 Bg7 6. 0-0 0-0 7. Bc2 b5 8. d4 Bb7 9. Re1 Nbd7 10. a4 b4 11. a5 Rb8 12. Bf4 Nh5 13. Bh2 e5 14. dxe5 Nxe5 15. Nxe5 dxe5 16. cxb4 cxb4 17. Nd2 Ba6 18. Bb3 Qd4 19. Nf3 Qxb2 20. Rb1 Qc3 21. Qd6 Bd3 22. Bxe5 Bxe5 23. Nxe5 Bxb1 24. Rxb1 Rbe8 25. f4 Nxf4 26. Nd7 Qg3 27. Rb2 Nxh3+ 28. Kh1 Qxd6 0-1

[Event "Titled Tuesday intern op 20th Apr"]
[Site "Chess.com INT"]
[Date "2021.04.20"]
[Round "4"]
[White "Bryan, Jarod J"]
[Black "Suvorov, Alexander David"]
[Result "0-1"]
[WhiteElo "2167"]
[BlackElo "2353"]
[PlyCount "68"]
[EventDate "2021.04.20"]
[EventType "swiss (blitz)"]
[EventRounds "11"]
[EventCountry "USA"]
[SourceTitle "CBM 202 Extra"]
[Source "ChessBase"]
[SourceDate "2021.07.31"]
[SourceVersion "1"]
[SourceVersionDate "2021.07.31"]
[SourceQuality "1"]

1. e4 c5 2. Nf3 e6 3. b4 cxb4 4. d4 Nf6 5. Bd3 d5 6. e5 Ne4 7. 0-0 Nc6 8. Re1 b6 9. Bxe4 dxe4 10. Rxe4 Bb7 11. Rg4 Ne7 12. Be3 Nf5 13. c4 bxc3 14. Nxc3 Qd7 15. Rc1 Rc8 16. Ne4 Rxc1 17. Qxc1 Be7 18. Bg5 Bxg5 19. Nexg5 h6 20. Ne4 Bxe4 21. Rxe4 0-0 22. g4 Ne7 23. g5 Nf5 24. gxh6 gxh6 25. Rg4+ Kh8 26. h3 Rg8 27. Qf4 Qd5 28. Kh2 Qxa2 29. Nh4 Rxg4 30. hxg4 Nxh4 31. Qxh6+ Kg8 32. Qxh4 Qd2 33. Qd8+ Kh7 34. Qh4+ Qh6 0-1

[Event "Titled Tuesday intern op 20th Apr"]
[Site "Chess.com INT"]
[Date "2021.04.20"]
[Round "3"]
[White "Calin, Alexandru"]
[Black "Bryan, Jarod J"]
[Result "0-1"]
[WhiteElo "2107"]
[BlackElo "2167"]
[PlyCount "104"]
[EventDate "2021.04.20"]
[EventType "swiss (blitz)"]
[EventRounds "11"]
[EventCountry "USA"]
[SourceTitle "CBM 202 Extra"]
[Source "ChessBase"]
[SourceDate "2021.07.31"]
[SourceVersion "1"]
[SourceVersionDate "2021.07.31"]
[SourceQuality "1"]

1. d4 Nc6 2. Nf3 d6 3. e4 Nf6 4. Nc3 g6 5. Bg5 Bg7 6. Be2 h6 7. Bf4 Nh5 8. Be3 e5 9. dxe5 dxe5 10. Qxd8+ Nxd8 11. 0-0-0 c6 12. Bc5 Nf4 13. Bf1 b6 14. Bd6 Bg4 15. Ne2 Bxf3 16. gxf3 Nde6 17. Nxf4 Nxf4 18. Bc4 Rd8 19. Rd2 h5 20. Rhd1 Bh6 21. Kb1 f6 22. a4 Rh7 23. b4 Rhd7 24. Ka2 Bf8 25. b5 c5 26. Bd5 Rxd6 27. Bc6+ Kf7 28. Rxd6 Rxd6 29. Rxd6 Bxd6 30. Kb3 h4 31. Kc4 Ke6 32. Be8 f5 33. c3 Kf6 34. Bd7 Bf8 35. Bc8 h3 36. Bd7 Bh6 37. Bc8 Bg5 38. Bd7 Bh4 39. Bc8 Bxf2 40. Bd7 Be1 41. Bc8 Bf2 42. Bd7 Bg1 43. exf5 gxf5 44. a5 Bxh2 45. a6 Bg1 46. Bc6 h2 47. Bd5 h1Q 48. Be4 Qg2 49. Bd3 Nxd3 50. Kb3 c4+ 51. Ka4 Nb2+ 52. Kb4 Bc5# 0-1

[Event "Titled Tuesday intern op 06th Apr"]
[Site "Chess.com INT"]
[Date "2021.04.06"]
[Round "6"]
[White "Grunberg, Mihai Lucian"]
[Black "Bryan, Jarod J"]
[Result "1-0"]
[WhiteElo "2401"]
[BlackElo "2167"]
[PlyCount "65"]
[EventDate "2021.04.06"]
[EventType "swiss (blitz)"]
[EventRounds "11"]
[EventCountry "USA"]
[SourceTitle "CBM 201 Extra"]
[Source "ChessBase"]
[SourceDate "2021.05.31"]
[SourceVersion "1"]
[SourceVersionDate "2021.05.31"]
[SourceQuality "1"]

1. Nf3 Nc6 2. d4 d6 3. c4 f5 4. Nc3 Nf6 5. d5 Ne5 6. Nxe5 dxe5 7. g3 e6 8. Bg2 exd5 9. cxd5 Bd6 10. 0-0 0-0 11. e4 a6 12. Re1 f4 13. gxf4 Bg4 14. f3 Bc5+ 15. Kh1 Bh5 16. fxe5 Nd7 17. e6 Ne5 18. Be3 Bd6 19. Rf1 Qh4 20. Bf2 Qf6 21. Bg3 Bxf3 22. Bxf3 Nxf3 23. e5 Bxe5 24. Bxe5 Qxe5 25. Rxf3 b5 26. Rxf8+ Rxf8 27. Qe2 Qd6 28. Rd1 Re8 29. Ne4 Qe5 30. Ng3 Qg5 31. Kg2 h6 32. Qe4 h5 33. Qf5 1-0

[Event "Titled Tuesday intern op 25th Aug"]
[Site "Chess.com INT"]
[Date "2020.08.25"]
[Round "2"]
[White "Tiarks, Jann Christian"]
[Black "Bryan, Jarod J"]
[Result "0-1"]
[WhiteElo "2159"]
[BlackElo "2160"]
[PlyCount "144"]
[EventDate "2020.08.25"]
[EventType "swiss (blitz)"]
[EventRounds "10"]
[EventCountry "USA"]
[SourceTitle "CBM 198 Extra"]
[Source "ChessBase"]
[SourceDate "2020.11.30"]
[SourceVersion "1"]
[SourceVersionDate "2020.11.30"]
[SourceQuality "1"]

1. e4 Nc6 2. Nc3 e5 3. Nf3 Nf6 4. d4 exd4 5. Nxd4 Bb4 6. Nxc6 bxc6 7. Bd3 d5 8. exd5 cxd5 9. 0-0 0-0 10. h3 h6 11. Qf3 c6 12. Bf4 Be6 13. Ne2 Be7 14. Rfe1 c5 15. b3 c4 16. bxc4 dxc4 17. Be4 Nxe4 18. Qxe4 Bf6 19. c3 Bd5 20. Qc2 Qa5 21. Nd4 Rfe8 22. Rab1 Rxe1+ 23. Rxe1 Bxd4 24. Rd1 Bf6 25. Qf5 Rd8 26. Be3 Bxc3 27. Bf4 g6 28. Qg4 Bg7 29. Qg3 Be6 30. Rf1 Qxa2 31. Bc7 Rd7 32. Be5 c3 33. Bxg7 Kxg7 34. Qe5+ Kg8 35. Qxc3 Qc4 36. Qe5 Qd5 37. Qb8+ Kg7 38. Re1 Qg5 39. Qb2+ Qf6 40. Qb8 Qf5 41. Qb2+ Qf6 42. Qb8 Qg5 43. Re3 Kh7 44. Rf3 Kg7 45. Kh2 Qc1 46. Qb4 Qc7+ 47. g3 Qc6 48. Qb2+ Kg8 49. Re3 Qd5 50. Rc3 Qd4 51. Rc8+ Kg7 52. Qc2 Bf5 53. Qe2 Rb7 54. g4 Rb2 55. Qe3 Qxe3 56. Rc2 Qxf2+ 57. Rxf2 Rxf2+ 58. Kg3 Rb2 59. Kf4 a5 60. Kg3 a4 61. h4 Be6 62. g5 a3 63. gxh6+ Kxh6 64. Kf4 Kg7 65. Ke5 Bf5 66. Kd6 a2 67. Ke5 a1Q 68. Kd6 Rd2+ 69. Kc5 Qc3+ 70. Kb5 Rb2+ 71. Ka4 Qc1 72. h5 Qa1# 0-1

[Event "Titled Tuesday intern op 6th June"]
[Site "Chess.com INT"]
[Date "2020.06.02"]
[Round "2"]
[White "Guimaraes, Wagner Peixoto"]
[Black "Bryan, Jarod J"]
[Result "1-0"]
[WhiteElo "2218"]
[BlackElo "2160"]
[PlyCount "51"]
[EventDate "2020.06.02"]
[EventType "swiss (blitz)"]
[EventRounds "10"]
[EventCountry "USA"]
[SourceTitle "CBM 196 Extra"]
[Source "ChessBase"]
[SourceDate "2020.07.31"]
[SourceVersion "1"]
[SourceVersionDate "2020.07.31"]
[SourceQuality "1"]

1. e4 Nc6 2. d4 e5 3. Nf3 exd4 4. Nxd4 Nf6 5. Nc3 Bb4 6. Nxc6 bxc6 7. Bd3 d5 8. exd5 cxd5 9. 0-0 0-0 10. Bg5 c6 11. Qf3 Bxc3 12. bxc3 h6 13. Bxf6 Qxf6 14. Qxf6 gxf6 15. Rfe1 Be6 16. Rab1 Rab8 17. Rb3 c5 18. Reb1 Ra8 19. Rb7 c4 20. Be2 a5 21. Bf3 Kg7 22. h3 f5 23. g3 Rfd8 24. R1b6 Kf6 25. Bh5 Rg8 26. Bxf7 1-0

[Event "Bradley op 8th"]
[Site "Windsor Locks"]
[Date "2003.07.20"]
[Round "4"]
[White "Bryan, Jarod J"]
[Black "Russell, Hanon W"]
[Result "1/2-1/2"]
[WhiteElo "2200"]
[BlackElo "2119"]
[PlyCount "67"]
[EventDate "2003.??.??"]
[EventType "swiss"]
[EventRounds "5"]
[EventCountry "USA"]
[SourceTitle "EXT 2005"]
[Source "ChessBase"]
[SourceDate "2004.11.15"]
[SourceVersion "1"]
[SourceVersionDate "2004.11.15"]
[SourceQuality "1"]

1. e4 d5 2. exd5 Qxd5 3. Nc3 Qd6 4. d4 Nf6 5. Be2 a6 6. Nf3 Bf5 7. 0-0 e6 8. Ne5 Nc6 9. Nxc6 Qxc6 10. Bf3 Nd5 11. Nxd5 exd5 12. Re1+ Be6 13. Bg5 h6 14. Bh4 g5 15. c4 0-0-0 16. Bg3 Qd7 17. cxd5 Bxd5 18. Rc1 Bxf3 19. Qxf3 Bd6 20. Bxd6 Qxd6 21. Qxf7 Rd7 22. Re8+ Rxe8 23. Qxe8+ Rd8 24. Qf7 Rd7 25. Qg8+ Rd8 26. Qc4 Qb6 27. d5 Kb8 28. g3 Rd7 29. Rc2 Qa5 30. Re2 Rxd5 31. Re8+ Ka7 32. Re7 Kb8 33. Kg2 Rd6 34. Rh7 1/2-1/2

[Event "US Open-102"]
[Site "Framingham"]
[Date "2001.08.11"]
[Round "8"]
[White "Shahade, Gregory P"]
[Black "Bryan, Jarod J"]
[Result "1-0"]
[WhiteElo "2455"]
[BlackElo "2283"]
[PlyCount "83"]
[EventDate "2001.08.04"]
[EventType "swiss"]
[EventRounds "9"]
[EventCountry "USA"]
[SourceTitle "CBM 083 Extra"]
[Source "ChessBase"]
[SourceDate "2001.09.11"]
[SourceVersion "1"]
[SourceVersionDate "2001.09.11"]
[SourceQuality "1"]

1. e4 g6 2. d4 Bg7 3. Nc3 c6 4. Nf3 d6 5. a4 Nf6 6. Be2 0-0 7. 0-0 Qc7 8. Bf4 Nh5 9. Be3 e5 10. Qd2 a5 11. Rad1 Na6 12. Rfe1 f6 13. Nb1 Be6 14. Na3 c5 15. dxc5 dxc5 16. Qd6 Qxd6 17. Rxd6 Kf7 18. Rb6 Rfb8 19. Rd1 Bf8 20. Bc4 Bxc4 21. Nxc4 Nb4 22. c3 Nc6 23. Rd7+ Kg8 24. Rbxb7 Rxb7 25. Rxb7 Rd8 26. g3 Rd1+ 27. Kg2 Ra1 28. Rb6 Nd8 29. b3 Nf7 30. Nxa5 f5 31. Rb8 Kg7 32. exf5 gxf5 33. Nh4 f4 34. Nf5+ Kg6 35. Rxf8 Kxf5 36. gxf4 exf4 37. Rxf7+ Kg6 38. Rxf4 Nxf4+ 39. Bxf4 Rb1 40. c4 Kf5 41. Be3 h5 42. Bxc5 1-0

[Event "US Open-102"]
[Site "Framingham"]
[Date "2001.08.08"]
[Round "3"]
[White "Bryan, Jarod J"]
[Black "Atalik, Suat"]
[Result "0-1"]
[WhiteElo "2283"]
[BlackElo "2537"]
[PlyCount "72"]
[EventDate "2001.08.04"]
[EventType "swiss"]
[EventRounds "9"]
[EventCountry "USA"]
[SourceTitle "CBM 083 Extra"]
[Source "ChessBase"]
[SourceDate "2001.09.11"]
[SourceVersion "1"]
[SourceVersionDate "2001.09.11"]
[SourceQuality "1"]

1. e4 e6 2. Nf3 d5 3. e5 c5 4. b4 cxb4 5. d4 Ne7 6. a3 Nf5 7. h4 Nc6 8. g4 Nh6 9. Bxh6 gxh6 10. axb4 Bxb4+ 11. c3 Bf8 12. Bd3 Bd7 13. g5 Qb6 14. Ra2 0-0-0 15. Nbd2 Be7 16. Qe2 Rdg8 17. Qe3 hxg5 18. hxg5 Qd8 19. Rh5 Rg7 20. Ke2 Rhg8 21. Ra1 Bxg5 22. Nxg5 Rxg5 23. Rxh7 R5g7 24. Rh6 Qg5 25. Nf3 Qxe3+ 26. Kxe3 a5 27. Nd2 Kc7 28. Nf1 Rg1 29. Ra3 a4 30. Ng3 Na5 31. Rh7 Rf8 32. Nf1 Nb3 33. f3 Nc1 34. Kf2 Rfg8 35. Rxf7 Nxd3+ 36. Ke3 Nb2 0-1

[Event "Massachusets op 69th"]
[Site "USA"]
[Date "2000.??.??"]
[Round "6"]
[White "Bryan, Jarod J"]
[Black "Bakker, Andrew"]
[Result "1-0"]
[WhiteElo "2225"]
[BlackElo "2115"]
[PlyCount "71"]
[EventDate "2000.??.??"]
[EventType "swiss"]
[EventRounds "6"]
[EventCountry "USA"]
[SourceTitle "EXT 2003"]
[Source "ChessBase"]
[SourceDate "2002.11.25"]
[SourceVersion "1"]
[SourceVersionDate "2002.11.25"]
[SourceQuality "1"]

1. e4 e6 2. Nf3 d5 3. e5 c5 4. b4 cxb4 5. d4 Nc6 6. a3 bxa3 7. c3 Bd7 8. Bd3 Nge7 9. Bxa3 Ng6 10. Bxf8 Nxf8 11. 0-0 Ng6 12. g3 Nge7 13. Na3 a6 14. c4 g6 15. Qd2 h5 16. Qf4 Nb4 17. Bb1 Bc6 18. Ng5 0-0 19. c5 b6 20. cxb6 Nc8 21. h4 Kg7 22. g4 hxg4 23. Qxg4 Qe7 24. h5 f5 25. exf6+ Rxf6 26. hxg6 Nxb6 27. Re1 Bd7 28. Nf7 Rf8 29. Qh5 R6xf7 30. Qh7+ Kf6 31. gxf7 Qxf7 32. Qh4+ Kg7 33. Re3 Rg8 34. Rg3+ Kf8 35. Qd8+ Qe8 36. Qxb6 1-0

[Event "New Hampshire op 50th"]
[Site "New Hampshire"]
[Date "2000.??.??"]
[Round "3"]
[White "Bryan, Jarod J"]
[Black "Conner, Mark"]
[Result "1-0"]
[WhiteElo "2240"]
[BlackElo "2035"]
[PlyCount "63"]
[EventDate "2000.??.??"]
[EventType "swiss"]
[EventRounds "4"]
[EventCountry "USA"]
[SourceTitle "EXT 2003"]
[Source "ChessBase"]
[SourceDate "2002.11.25"]
[SourceVersion "1"]
[SourceVersionDate "2002.11.25"]
[SourceQuality "1"]

1. e4 c5 2. Nf3 e6 3. b4 cxb4 4. d4 d5 5. e5 Bd7 6. a3 Qb6 7. axb4 Bxb4+ 8. c3 Ba5 9. Ba3 Bb5 10. Bc5 Qa6 11. Bb4 Nc6 12. Bxb5 Qxb5 13. Na3 Qb6 14. Bxa5 Qxa5 15. 0-0 0-0-0 16. Qe2 a6 17. c4 Qc7 18. Rfc1 Nge7 19. Nb5 axb5 20. cxb5 Kd7 21. Ng5 Ra8 22. Rab1 Nf5 23. bxc6+ bxc6 24. Nxf7 Rhf8 25. Nd6 Nxd6 26. exd6 Qxd6 27. Rb7+ Kd8 28. g3 Ra4 29. Qg4 Ra2 30. Rcb1 Kc8 31. Rb8+ Qxb8 32. Qxe6+ 1-0

[Event "World op 27th"]
[Site "Philadelphia"]
[Date "1999.06.29"]
[Round "3"]
[White "Padilla Liceaga, Jorge"]
[Black "Bryan, Jarod J"]
[Result "0-1"]
[WhiteElo "2165"]
[BlackElo "2291"]
[PlyCount "82"]
[EventDate "1999.06.27"]
[EventType "swiss"]
[EventRounds "9"]
[EventCountry "USA"]
[SourceTitle "EXT 2000"]
[Source "ChessBase"]
[SourceDate "1999.11.16"]
[SourceVersion "1"]
[SourceVersionDate "1999.11.16"]
[SourceQuality "1"]

1. e4 c5 2. Nf3 e6 3. c4 Nc6 4. Nc3 Nf6 5. Bd3 d5 6. cxd5 exd5 7. exd5 Nxd5 8. 0-0 Be7 9. Re1 Ndb4 10. Be4 0-0 11. a3 Nd3 12. Re3 c4 13. Bxd3 cxd3 14. b4 Bf5 15. Bb2 Bf6 16. Na4 a5 17. b5 Nd4 18. Nxd4 Bxd4 19. Bxd4 Qxd4 20. Nc3 Rae8 21. Qf3 Rxe3 22. fxe3 Qd7 23. Rf1 Be6 24. e4 Rd8 25. h3 f6 26. Qe3 Qd6 27. a4 Bb3 28. Rf5 Qd4 29. Kf2 Qxc3 30. dxc3 d2 31. Rd5 Rxd5 32. exd5 d1N+ 33. Ke2 Nxe3 34. Kxe3 Bxa4 35. c4 Kf7 36. Kd4 Ke7 37. Kc5 Bb3 38. Kd4 a4 39. c5 a3 40. b6 a2 41. c6 a1Q+ 0-1

[Event "Massachusets op 68th"]
[Site "Marlborough"]
[Date "1999.05.30"]
[Round "4"]
[White "Bryan, Jarod J"]
[Black "Sharp, Dale Eugene"]
[Result "1-0"]
[WhiteElo "2291"]
[BlackElo "2134"]
[PlyCount "135"]
[EventDate "1999.05.??"]
[EventType "swiss"]
[EventRounds "6"]
[EventCountry "USA"]
[SourceTitle "EXT 2002"]
[Source "ChessBase"]
[SourceDate "2001.11.25"]
[SourceVersion "1"]
[SourceVersionDate "2001.11.25"]
[SourceQuality "1"]

1. g3 g6 2. Bg2 Bg7 3. Nf3 Nf6 4. c4 c5 5. d4 d6 6. Nc3 0-0 7. 0-0 a6 8. dxc5 dxc5 9. Qxd8 Rxd8 10. Be3 Nfd7 11. Na4 Nc6 12. Rad1 b6 13. Ne5 Ncxe5 14. Bxa8 Nxc4 15. Bc6 Nd6 16. Bg5 f6 17. Bf4 Bf8 18. Rfe1 g5 19. Bc1 Ne5 20. Bd5+ e6 21. Bg2 Nec4 22. b3 Bd7 23. Nxc5 bxc5 24. bxc4 Nxc4 25. f4 h6 26. e4 Nb6 27. Bb2 Be7 28. Bf1 Rb8 29. Bc3 Bb5 30. Rb1 Na4 31. Ba5 gxf4 32. gxf4 Kf7 33. Kf2 f5 34. Kf3 Bh4 35. Rec1 fxe4+ 36. Kxe4 Bf2 37. Bxb5 axb5 38. Bc7 Rb7 39. Be5 b4 40. Rc2 Bh4 41. Rg2 Bf6 42. Rbg1 Nc3+ 43. Kd3 Rd7+ 44. Kc4 Rd5 45. a3 Nd1 46. Rg6 Ne3+ 47. Kb3 Rd3+ 48. Ka4 Rxa3+ 49. Kb5 Bxe5 50. fxe5 Nf5 51. Rf6+ Ke7 52. Rgg6 b3 53. Rxe6+ Kd7 54. Rb6 b2 55. Kxc5 Rc3+ 56. Kd5 Rc1 57. Rb7+ Kc8 58. Rf7 Rd1+ 59. Kc6 Rc1+ 60. Kd5 Rd1+ 61. Kc6 Rc1+ 62. Kd5 Rc7 63. Rxc7+ Kxc7 64. Rg1 Ne3+ 65. Kd4 Nf5+ 66. Ke4 Ne7 67. Rb1 Nc6 68. Rxb2 1-0

[Event "Massachusets op 68th"]
[Site "Marlborough"]
[Date "1999.05.30"]
[Round "3"]
[White "Curdo, John"]
[Black "Bryan, Jarod J"]
[Result "1-0"]
[WhiteElo "2285"]
[BlackElo "2291"]
[PlyCount "71"]
[EventDate "1999.05.??"]
[EventType "swiss"]
[EventRounds "6"]
[EventCountry "USA"]
[SourceTitle "EXT 2002"]
[Source "ChessBase"]
[SourceDate "2001.11.25"]
[SourceVersion "1"]
[SourceVersionDate "2001.11.25"]
[SourceQuality "1"]

1. e4 c5 2. Nf3 g6 3. d4 cxd4 4. Qxd4 Nf6 5. Bb5 Nc6 6. Qa4 Bg7 7. Nc3 a6 8. e5 Ng4 9. e6 axb5 10. exf7+ Kxf7 11. Qxa8 Rf8 12. Qa3 b4 13. Qb3+ e6 14. Ne2 Kg8 15. h3 Nf6 16. a3 bxa3 17. Rxa3 d5 18. 0-0 Ne4 19. Be3 Na5 20. Qb4 Nc4 21. Rb3 e5 22. Nd2 Nxe3 23. Rxe3 Bh6 24. Nxe4 Bxe3 25. fxe3 Rxf1+ 26. Kxf1 dxe4 27. Qxe4 Qf8+ 28. Kg1 Qc5 29. b4 Qd6 30. Nc3 Kg7 31. Qd5 Qc7 32. Ne4 Kh6 33. Nd6 Qxc2 34. Qxe5 Bf5 35. Nf7+ Kh5 36. Qf4 1-0

[Event "World op 26th"]
[Site "Philadelphia"]
[Date "1998.07.01"]
[Round "5"]
[White "Bonin, Jay R"]
[Black "Bryan, Jarod J"]
[Result "1/2-1/2"]
[WhiteElo "2390"]
[BlackElo "2265"]
[PlyCount "113"]
[EventDate "1998.06.27"]
[EventType "swiss"]
[EventRounds "9"]
[EventCountry "USA"]
[SourceTitle "EXT 1999"]
[Source "ChessBase"]
[SourceDate "1998.11.16"]
[SourceVersion "1"]
[SourceVersionDate "1998.11.16"]
[SourceQuality "1"]

1. d4 g6 2. c4 Bg7 3. Nc3 d6 4. e4 Nc6 5. Be3 e5 6. Nge2 Nh6 7. f3 f5 8. d5 Ne7 9. Qd2 Neg8 10. h3 fxe4 11. fxe4 Nf7 12. Ng1 Bh6 13. Nf3 a6 14. Bxh6 Ngxh6 15. Be2 0-0 16. 0-0 Bd7 17. Rf2 Kg7 18. Raf1 Qe7 19. b4 Ng8 20. Qe3 b6 21. c5 dxc5 22. bxc5 Qxc5 23. Qxc5 bxc5 24. Nd2 a5 25. Nb3 Nd6 26. Rxf8 Rxf8 27. Rxf8 Kxf8 28. Nxa5 Nf6 29. Bd3 g5 30. Kf2 g4 31. hxg4 Nxg4+ 32. Ke2 Nf6 33. Nc4 Nxc4 34. Bxc4 Ne8 35. a4 Nd6 36. Ba6 c4 37. a5 Ke7 38. Bb7 Bc8 39. Bxc8 Nxc8 40. Nb5 Kd7 41. Na3 Nd6 42. Ke3 c5 43. Nb1 Kc7 44. Nd2 Kb7 45. Nf3 Nf7 46. Kd2 Ka6 47. Kc3 Kxa5 48. Nd2 Kb6 49. Nxc4+ Kc7 50. Kd3 Kb7 51. Kc3 Kc7 52. Kb3 h5 53. Ka4 Ng5 54. Nd2 Kb6 55. Kb3 Kb5 56. Kc3 c4 57. d6 1/2-1/2

[Event "Portland op"]
[Site "Portland"]
[Date "1998.01.17"]
[Round "1"]
[White "Bryan, Jarod J"]
[Black "Friedel, Joshua E"]
[Result "0-1"]
[WhiteElo "2273"]
[BlackElo "1875"]
[PlyCount "66"]
[EventDate "1998.01.??"]
[EventType "swiss"]
[EventRounds "5"]
[EventCountry "USA"]
[SourceTitle "EXT 2005"]
[Source "ChessBase"]
[SourceDate "2004.11.15"]
[SourceVersion "1"]
[SourceVersionDate "2004.11.15"]
[SourceQuality "1"]

1. e4 e5 2. Nf3 Nc6 3. Bc4 Nf6 4. d3 Be7 5. 0-0 0-0 6. Re1 d6 7. c3 Be6 8. Nbd2 h6 9. Bxe6 fxe6 10. Qb3 Qc8 11. Nh4 Kh7 12. Qd1 Qe8 13. g3 g5 14. Ng2 Qg6 15. Qe2 Rae8 16. a4 a5 17. Rf1 d5 18. Ne1 Bc5 19. Nc2 Kh8 20. Kh1 Nh7 21. f3 g4 22. fxg4 Ng5 23. Nf3 Nxf3 24. Rxf3 Rxf3 25. Qxf3 Rf8 26. Qd1 dxe4 27. d4 exd4 28. cxd4 e3 29. Bxe3 Qe4+ 30. Kg1 Nb4 31. dxc5 Nxc2 32. Bxh6 Rf7 33. Qd8+ Kh7 0-1

[Event "New Hampshire op 48th"]
[Site "New Hampshire"]
[Date "1998.??.??"]
[Round "?"]
[White "Bryan, Jarod J"]
[Black "Bennett, Allan"]
[Result "0-1"]
[WhiteElo "2265"]
[BlackElo "2290"]
[PlyCount "80"]
[EventDate "1998.??.??"]
[EventType "swiss"]
[EventRounds "5"]
[EventCountry "USA"]
[SourceTitle "EXT 2002"]
[Source "ChessBase"]
[SourceDate "2001.11.25"]
[SourceVersion "1"]
[SourceVersionDate "2001.11.25"]
[SourceQuality "1"]

1. g3 d5 2. Bg2 Nf6 3. d3 c5 4. Nc3 e6 5. Bg5 Be7 6. e4 dxe4 7. dxe4 Nc6 8. Qxd8+ Kxd8 9. 0-0-0+ Bd7 10. h3 h6 11. Be3 Rc8 12. f4 g5 13. Nge2 gxf4 14. gxf4 Na5 15. e5 Nh5 16. Bf2 Kc7 17. f5 Bc6 18. Bxc6 Nxc6 19. f6 Bf8 20. Nb5+ Kb8 21. Rhe1 Rg8 22. Bg1 a6 23. Nd6 Bxd6 24. exd6 b6 25. Bh2 Rcd8 26. d7+ Kb7 27. Rf1 Nb8 28. Nf4 Nxf4 29. Bxf4 Nxd7 30. Bxh6 Rh8 31. Bg7 Rxh3 32. Rd2 Rh5 33. Rfd1 Rd5 34. Rxd5 exd5 35. Rxd5 Kc7 36. c4 Nb8 37. Re5 Rd7 38. Bf8 Nc6 39. Re8 Rd8 40. Re2 Rxf8 0-1

[Event "Massachusets op 67th"]
[Site "USA"]
[Date "1998.??.??"]
[Round "?"]
[White "Foygel, Igor"]
[Black "Bryan, Jarod J"]
[Result "1/2-1/2"]
[WhiteElo "2425"]
[BlackElo "2265"]
[PlyCount "93"]
[EventDate "1998.??.??"]
[EventType "swiss"]
[EventRounds "6"]
[EventCountry "USA"]
[SourceTitle "EXT 2002"]
[Source "ChessBase"]
[SourceDate "2001.11.25"]
[SourceVersion "1"]
[SourceVersionDate "2001.11.25"]
[SourceQuality "1"]

1. e4 c5 2. d3 Nc6 3. g3 d5 4. Nd2 Nf6 5. Bg2 e6 6. Ngf3 Be7 7. 0-0 0-0 8. Re1 b5 9. exd5 Nxd5 10. c4 bxc4 11. Nxc4 Bb7 12. a3 Rb8 13. Bd2 Ba8 14. Qc2 Bf6 15. Rab1 Nd4 16. Nxd4 Bxd4 17. Be3 Nb6 18. Bxa8 Rxa8 19. Bxd4 Qxd4 20. Re4 Qd5 21. Rbe1 Rfd8 22. R1e3 Rac8 23. Qc3 Qh5 24. Qc2 Nd5 25. Re1 Nf6 26. Rh4 Qf5 27. Ne5 Rd5 28. Qc3 g5 29. Ra4 Nd7 30. Ng4 Qg6 31. Rxa7 h5 32. Rxd7 hxg4 33. Rxd5 exd5 34. Re5 d4 35. Qc4 Kh7 36. Qd5 Kh6 37. Qd7 Rb8 38. Rxc5 Rxb2 39. Rc6 f6 40. Qxd4 Rb1+ 41. Kg2 Kh5 42. h3 gxh3+ 43. Kxh3 g4+ 44. Kg2 Re1 45. Qxf6 Qe4+ 46. dxe4 Rg1+ 47. Kxg1 1/2-1/2